Searching for Configuration and Preset Data of Motion Statements of a Main Control Program of the Kuka Industrial Welding Robot in a Robot Configuration Files

Vytvorenie aplikácie, ktorá nastavuje a riadi priemyselného robota. Popis testovania a nastavenia pohybových parametrov.

Na minha lista:
Detalhes bibliográficos
Autor principal: Košťál, Igor, 1962-
Formato: Capítulo de Livro
Idioma:inglês
Assuntos:
Tags: Adicionar Tag
Sem tags, seja o primeiro a adicionar uma tag!

MARC

LEADER 00000naa$a2200000$$$4500
001 0281046
005 20240502074351.4
041 0 |a eng 
044 |a SK 
245 1 0 |a Searching for Configuration and Preset Data of Motion Statements of a Main Control Program of the Kuka Industrial Welding Robot in a Robot Configuration Files  |c Igor Košťál 
520 |a Vytvorenie aplikácie, ktorá nastavuje a riadi priemyselného robota. Popis testovania a nastavenia pohybových parametrov. 
610 2 0 |a technológie informačné 
610 2 0 |a roboty priemyselné 
610 2 0 |a testovanie výrobkov 
610 2 0 |a priemysel 
100 1 |a Košťál, Igor, 1962-